Molecular cloning and characterization of a farnesyl diphosphate synthase 1 (fdp 1) gene from rubber tree (Hevea brasiliensis Muell. Arg.) (Record no. 53191)

MARC details
000 -LEADER
fixed length control field 00478nam a2200121Ia 4500
100 ## - MAIN ENTRY--AUTHOR NAME
Personal name Venkatachalam P
245 #0 - TITLE STATEMENT
Title Molecular cloning and characterization of a farnesyl diphosphate synthase 1 (fdp 1) gene from rubber tree (Hevea brasiliensis Muell. Arg.)
260 ## - PUBLICATION, DISTRIBUTION, ETC. (IMPRINT)
Name of publisher International Conference on New Horizons in Biotechnology, 26-29 November 2007, Trivandrum
700 ## - ADDED ENTRY--PERSONAL NAME
Personal name Priya P
700 ## - ADDED ENTRY--PERSONAL NAME
Personal name Thulaseedharan A
942 ## - ADDED ENTRY ELEMENTS (KOHA)
Koha item type Bibliography STAF
Holdings
Withdrawn status Lost status Damaged status Not for loan Home library Current library Date acquired Koha item type
      Bibliography RRII Library RRII Library 09/04/2014 Bibliography STAF